<?xml version="1.0" encoding="UTF-8"?>
<record
    xmlns:xsi="http://www.w3.org/2001/XMLSchema-instance"
    xsi:schemaLocation="http://www.loc.gov/MARC21/slim http://www.loc.gov/standards/marcxml/schema/MARC21slim.xsd"
    xmlns="http://www.loc.gov/MARC21/slim">

  <leader>00737nam a22002057a 4500</leader>
  <controlfield tag="003">OSt</controlfield>
  <controlfield tag="005">20171019181404.0</controlfield>
  <controlfield tag="008">171019s2012    sp     | ||||o000 0 cat d</controlfield>
  <datafield tag="020" ind1=" " ind2=" ">
    <subfield code="a">9788449028557</subfield>
  </datafield>
  <datafield tag="040" ind1=" " ind2=" ">
    <subfield code="a">SpMaBN</subfield>
    <subfield code="b">cat</subfield>
    <subfield code="c">CDMR</subfield>
  </datafield>
  <datafield tag="245" ind1="0" ind2="3">
    <subfield code="a">La divulgaci&#xF3; en els nous formats televisius</subfield>
    <subfield code="c">Margarida Bassols (coordinadora) ; Anna Cros, Anna M. Torrent, Albert Rico ... [et al.]</subfield>
  </datafield>
  <datafield tag="250" ind1=" " ind2=" ">
    <subfield code="a">1&#xAA; ed.</subfield>
  </datafield>
  <datafield tag="260" ind1=" " ind2=" ">
    <subfield code="a">Bellaterra, Cerdanyola del Vall&#xE8;s</subfield>
    <subfield code="b">Universitat Aut&#xF2;noma de Barcelona, Servei de Publicacions</subfield>
    <subfield code="c">2012</subfield>
  </datafield>
  <datafield tag="300" ind1=" " ind2=" ">
    <subfield code="a">156 p.</subfield>
    <subfield code="c">24 cm</subfield>
  </datafield>
  <datafield tag="504" ind1=" " ind2=" ">
    <subfield code="a">Bibliograf&#xED;a: p. 153-156</subfield>
  </datafield>
  <datafield tag="650" ind1=" " ind2="7">
    <subfield code="a">Televisi&#xF3;n</subfield>
    <subfield code="x">Programas cient&#xED;ficos</subfield>
    <subfield code="z">Catalu&#xF1;a</subfield>
    <subfield code="2">embne</subfield>
  </datafield>
  <datafield tag="700" ind1="1" ind2=" ">
    <subfield code="a">Bassols, Maria Margarida</subfield>
  </datafield>
  <datafield tag="700" ind1="1" ind2=" ">
    <subfield code="a">Cros, Anna</subfield>
  </datafield>
  <datafield tag="942" ind1=" " ind2=" ">
    <subfield code="c">MON</subfield>
  </datafield>
  <datafield tag="999" ind1=" " ind2=" ">
    <subfield code="c">7071</subfield>
    <subfield code="d">7071</subfield>
  </datafield>
  <datafield tag="952" ind1=" " ind2=" ">
    <subfield code="0">0</subfield>
    <subfield code="1">0</subfield>
    <subfield code="4">0</subfield>
    <subfield code="7">0</subfield>
    <subfield code="a">CDMR</subfield>
    <subfield code="b">CDMR</subfield>
    <subfield code="d">2017-10-19</subfield>
    <subfield code="e">Donaci&#xF3;</subfield>
    <subfield code="g">12.00</subfield>
    <subfield code="l">0</subfield>
    <subfield code="o">Fi /29</subfield>
    <subfield code="p">CDMR17101621</subfield>
    <subfield code="r">2017-10-19</subfield>
    <subfield code="v">12.00</subfield>
    <subfield code="w">2017-10-19</subfield>
    <subfield code="y">MON</subfield>
  </datafield>
</record>
